[Event "Stockholm Hotel N GM 4th"]
[Site "Upplands Vasby"]
[Date "2025.06.11"]
[Round "5"]
[White "Poetsch, Hagen"]
[Black "Fiskaaen, Martin Holten"]
[Result "1-0"]
[WhiteElo "2490"]
[BlackElo "2292"]
[PlyCount "95"]
[EventDate "2025.06.09"]
[EventType "tourn"]
[EventRounds "9"]
[EventCountry "SWE"]
[EventCategory "8"]
[SourceTitle "CB26_2025"]
[SourceDate "2025.06.25"]
[SourceVersion "1"]
[SourceVersionDate "2025.06.25"]
[SourceQuality "1"]

1. e4 e6 2. d4 d5 3. Nc3 Bb4 4. Nge2 dxe4 5. a3 Bxc3+ 6. Nxc3 Nc6 7. Bf4 Nf6 8. Qd2 0-0 9. 0-0-0 b6 10. Bg5 Bb7 11. Qf4 Nd5 12. Bxd8 Nxf4 13. Bxc7 Nd5 14. Nxd5 exd5 15. h4 Rac8 16. Bd6 Rfd8 17. Bf4 Ne7 18. g4 Rc6 19. Bb5 Re6 20. h5 h6 21. Rdg1 a6 22. Be2 f6 23. Rh3 b5 24. Rc3 Rc8 25. Rxc8+ Bxc8 26. Rg3 Bd7 27. Rc3 Rc6 28. Rb3 Kf7 29. a4 bxa4 30. Rb4 a3 31. bxa3 Ke8 32. Kd2 Rc8 33. Rb6 a5 34. Ba6 Rc6 35. Rb8+ Kf7 36. Bb5 Bxg4 37. Bxc6 Nxc6 38. Rb7+ Kg8 39. c4 dxc4 40. d5 Nd4 41. Ke3 Nb3 42. Rb8+ Kf7 43. Rb7+ Kg8 44. Rc7 Kf8 45. d6 Ke8 46. Rxg7 Bxh5 47. Kxe4 Kd8 48. Be3 1-0

[Event "Norway Chess op-A"]
[Site "Stavanger"]
[Date "2025.05.27"]
[Round "2"]
[White "Fiskaaen, Martin Holten"]
[Black "Kunin, Vitaly L"]
[Result "0-1"]
[WhiteElo "2292"]
[BlackElo "2497"]
[PlyCount "100"]
[EventDate "2025.05.27"]
[EventType "swiss"]
[EventRounds "9"]
[EventCountry "NOR"]
[SourceTitle "CB23_2025"]
[SourceDate "2025.06.04"]
[SourceVersion "1"]
[SourceVersionDate "2025.06.04"]
[SourceQuality "1"]

1. Nf3 d5 2. g3 Nc6 3. d4 Bf5 4. Bg2 Nb4 5. Na3 e6 6. 0-0 Nc6 7. Nb1 Nb4 8. c4 Nc2 9. cxd5 Nxa1 10. e4 Bxe4 11. dxe6 fxe6 12. Nc3 Bxf3 13. Qxf3 Bd6 14. Qh5+ Kf8 15. Bg5 Nf6 16. Qe2 h6 17. Bxf6 Qxf6 18. Bxb7 Rb8 19. Ba6 Qxd4 20. Rxa1 Qe5 21. Qd2 Kf7 22. Re1 Rxb2 23. Qc1 Rc2 24. Qxc2 Qxe1+ 25. Kg2 Qe5 26. Bc4 Re8 27. f4 Qd4 28. Ne2 Qc5 29. Qe4 Kg8 30. f5 Kh8 31. f6 Qf5 32. fxg7+ Kxg7 33. Qd4+ e5 34. Qd5 Rf8 35. Nc3 Qf2+ 36. Kh3 Qd4 37. Qe6 Qxc3 38. Qg4+ Kh8 39. Qg6 Qe3 40. Bd3 Rf7 41. Bc2 Rg7 42. Qe8+ Rg8 43. Qf7 e4 44. Qf6+ Rg7 45. Qd8+ Kh7 46. Qh4 Be7 47. Qh5 Qg5 48. Bxe4+ Kh8 49. Qe8+ Rg8 50. Qf7 Qg4+ 0-1

[Event "Norway Chess op-A"]
[Site "Stavanger"]
[Date "2025.05.27"]
[Round "7"]
[White "Vincenti, Leonardo"]
[Black "Fiskaaen, Martin Holten"]
[Result "1/2-1/2"]
[WhiteElo "2120"]
[BlackElo "2292"]
[PlyCount "83"]
[EventDate "2025.05.27"]
[EventType "swiss"]
[EventRounds "9"]
[EventCountry "NOR"]
[SourceTitle "CB23_2025"]
[SourceDate "2025.06.04"]
[SourceVersion "1"]
[SourceVersionDate "2025.06.04"]
[SourceQuality "1"]

1. e4 e5 2. Nf3 Nc6 3. Bb5 g6 4. d4 exd4 5. Bg5 Be7 6. Bxe7 Qxe7 7. Bxc6 dxc6 8. Qxd4 Nf6 9. Nc3 Bg4 10. 0-0-0 Bxf3 11. gxf3 a5 12. e5 Nh5 13. Ne4 0-0 14. Nf6+ Nxf6 15. exf6 Qe6 16. Kb1 c5 17. Qc3 Ra6 18. Qxc5 Qxf6 19. Rd3 Rb6 20. b3 a4 21. Re1 axb3 22. axb3 Ra8 23. Qe5 Rc8 24. Rd7 Re6 25. Qxf6 Rxf6 26. Ree7 Rxf3 27. Rxc7 Rxc7 28. Rxc7 b5 29. Rc5 Rxf2 30. Rxb5 f5 31. c4 Kf7 32. c5 Ke6 33. c6 Kd6 34. Rc5 Kc7 35. b4 Re2 36. b5 Re8 37. Kc2 Kb6 38. Rd5 f4 39. Rd7 Kxb5 40. c7 Rc8 41. Rxh7 Kc6 42. Kd3 1/2-1/2

[Event "Titled Tuesday intern op 06th May Early"]
[Site "Chess.com INT"]
[Date "2025.05.06"]
[Round "8"]
[White "Cordeiro, Marco Aurelio Zaror"]
[Black "Fiskaaen, Martin Holten"]
[Result "0-1"]
[WhiteElo "2048"]
[BlackElo "2292"]
[PlyCount "110"]
[EventDate "2025.05.06"]
[EventType "swiss (blitz)"]
[EventRounds "11"]
[EventCountry "USA"]
[SourceTitle "CB20_2025"]
[SourceDate "2025.05.14"]
[SourceVersion "1"]
[SourceVersionDate "2025.05.14"]
[SourceQuality "1"]

1. e4 c5 2. Nc3 Nc6 3. f4 g6 4. Nf3 Bg7 5. Bc4 e6 6. 0-0 Nge7 7. Qe1 0-0 8. d3 d5 9. Bb3 Na5 10. Qh4 Nxb3 11. axb3 Nc6 12. Qxd8 Rxd8 13. Na4 Rb8 14. Nxc5 Nd4 15. c3 Ne2+ 16. Kf2 Nxc1 17. Rfxc1 b6 18. Na6 Rb7 19. e5 Bf8 20. Nd4 Bc5 21. Ke3 Bd7 22. b4 Be7 23. c4 dxc4 24. dxc4 Be8 25. Rd1 Rbd7 26. b5 f6 27. Nb4 fxe5 28. fxe5 Bg5+ 29. Ke4 Rc7 30. Nbc6 Rdd7 31. Nxe6 Rxd1 32. Rxd1 Rxc6 33. bxc6 Bxc6+ 34. Kd4 Be7 35. Nf4 g5 36. Nd5 Bc5+ 37. Ke4 Kf7 38. Rf1+ Kg7 39. Rf6 Bb7 40. Kf5 h6 41. e6 Bc8 42. Rf8 Bxf8 43. Ke5 Bc5 44. b4 Bg1 45. h3 Bh2+ 46. Ke4 Kf8 47. Kf5 Bd6 48. Kf6 Ke8 49. e7 a5 50. Nxb6 Bb7 51. Nd5 Bxd5 52. cxd5 axb4 53. Ke6 Bxe7 54. d6 Bd8 55. Kd5 Kd7 0-1

[Event "Titled Tuesday intern op 06th May Early"]
[Site "Chess.com INT"]
[Date "2025.05.06"]
[Round "2"]
[White "Fiskaaen, Martin Holten"]
[Black "Derlich, Sarah Sima"]
[Result "1-0"]
[WhiteElo "2292"]
[BlackElo "1926"]
[PlyCount "47"]
[EventDate "2025.05.06"]
[EventType "swiss (blitz)"]
[EventRounds "11"]
[EventCountry "USA"]
[SourceTitle "CB20_2025"]
[SourceDate "2025.05.14"]
[SourceVersion "1"]
[SourceVersionDate "2025.05.14"]
[SourceQuality "1"]

1. d4 d5 2. Bf4 c5 3. e3 Nf6 4. Nf3 Bg4 5. Nbd2 e6 6. h3 Bh5 7. g4 Bg6 8. Ne5 Bd6 9. h4 h5 10. Nxg6 fxg6 11. Bxd6 Qxd6 12. g5 Nfd7 13. Bd3 e5 14. dxc5 Nxc5 15. Qe2 a6 16. 0-0-0 e4 17. Nxe4 dxe4 18. Bb5+ Ke7 19. Rxd6 Kxd6 20. Rd1+ Ke7 21. Qc4 Nbd7 22. Bxd7 Nxd7 23. Qxe4+ Kd8 24. Qxb7 1-0

[Event "Fagernes op"]
[Site "Fagernes"]
[Date "2025.04.14"]
[Round "2"]
[White "Fiskaaen, Martin Holten"]
[Black "Haugen, Lars Tormod"]
[Result "1-0"]
[WhiteElo "2283"]
[BlackElo "1988"]
[PlyCount "48"]
[EventDate "2025.04.13"]
[EventType "swiss"]
[EventRounds "9"]
[EventCountry "NOR"]
[SourceTitle "CB17_2025"]
[SourceDate "2025.04.23"]
[SourceVersion "1"]
[SourceVersionDate "2025.04.23"]
[SourceQuality "1"]

1. e4 c5 2. Nf3 g6 3. c3 Bg7 4. d4 cxd4 5. cxd4 d5 6. e5 a6 7. Be2 Nc6 8. 0-0 f6 9. Re1 fxe5 10. dxe5 e6 11. Bd3 Nh6 12. Bg5 Qc7 13. Nbd2 0-0 14. Rc1 Ng4 15. h4 Qf7 16. Rxc6 bxc6 17. Qa4 Nxe5 18. Rxe5 Bxe5 19. Nxe5 Qxf2+ 20. Kh2 Rb8 21. Nb3 c5 22. Ng4 Qe1 23. Nxc5 Rxb2 24. Qd4 Rb4 1-0

[Event "Titled Tuesday intern op 01st Apr Early"]
[Site "Chess.com INT"]
[Date "2025.04.01"]
[Round "10"]
[White "Fiskaaen, Martin Holten"]
[Black "Karvatskyi, Oleksii"]
[Result "1-0"]
[WhiteElo "2300"]
[BlackElo "2114"]
[PlyCount "100"]
[EventDate "2025.04.01"]
[EventType "swiss (blitz)"]
[EventRounds "11"]
[EventCountry "USA"]
[SourceTitle "CB15_2025"]
[SourceDate "2025.04.09"]
[SourceVersion "1"]
[SourceVersionDate "2025.04.09"]
[SourceQuality "1"]

1. Nf3 d6 2. d4 g6 3. e4 Bg7 4. c3 Nf6 5. Bd3 0-0 6. 0-0 c5 7. h3 a6 8. a4 Nbd7 9. Re1 Nb6 10. a5 Nbd7 11. Be3 cxd4 12. cxd4 e5 13. Nc3 Nh5 14. dxe5 Nxe5 15. Nxe5 Bxe5 16. Bc4 Qh4 17. Qf3 Be6 18. Nd5 Rac8 19. Bf1 f5 20. g3 Qxe4 21. Qxe4 fxe4 22. Ne7+ Kg7 23. Nxc8 Rxc8 24. Rac1 d5 25. Rxc8 Bxc8 26. Rd1 Be6 27. Bd4 Bxd4 28. Rxd4 Kf6 29. Be2 Ke5 30. Rb4 Nf6 31. f4+ Kd6 32. g4 d4 33. Rxd4+ Kc5 34. Rd8 Nd5 35. Kf2 Nxf4 36. Ke3 Nxh3 37. Kxe4 Nf2+ 38. Kf4 Nh3+ 39. Kg3 Ng5 40. Rb8 Bd5 41. Rh8 h5 42. gxh5 gxh5 43. Rxh5 Ne4+ 44. Kf4 Kd4 45. Rxd5+ Kxd5 46. Bf3 Kc4 47. Bxe4 Kb3 48. Bxb7 Kxb2 49. Bxa6 Ka3 50. Bb7 Kb4 1-0

[Event "Titled Tuesday intern op 01st Apr Early"]
[Site "Chess.com INT"]
[Date "2025.04.01"]
[Round "8"]
[White "Fiskaaen, Martin Holten"]
[Black "Ruiz Aguilar, Pablo Alexander"]
[Result "1-0"]
[WhiteElo "2300"]
[BlackElo "2190"]
[PlyCount "77"]
[EventDate "2025.04.01"]
[EventType "swiss (blitz)"]
[EventRounds "11"]
[EventCountry "USA"]
[SourceTitle "CB15_2025"]
[SourceDate "2025.04.09"]
[SourceVersion "1"]
[SourceVersionDate "2025.04.09"]
[SourceQuality "1"]

1. Nf3 d5 2. d4 e6 3. Bf4 Nf6 4. e3 Bd6 5. Bd3 c5 6. c3 0-0 7. Nbd2 Qc7 8. Bxd6 Qxd6 9. Ne5 Nc6 10. f4 cxd4 11. exd4 Ne7 12. 0-0 b6 13. g4 Bb7 14. g5 Ne4 15. Qe2 Nxd2 16. Qxd2 Nf5 17. Bxf5 exf5 18. Rae1 f6 19. gxf6 Rxf6 20. Kh1 Rc8 21. Rg1 Rc7 22. Rg5 Bc8 23. Reg1 Rh6 24. Qg2 Qf6 25. Qxd5+ Be6 26. Qa8+ Bc8 27. Rxg7+ Qxg7 28. Rxg7+ Kxg7 29. Kg1 Rh4 30. Qb8 Re7 31. Qxc8 Rxf4 32. Qd8 Kf6 33. Qd6+ Re6 34. Qf8+ Kg5 35. Qg7+ Rg6 36. Nxg6 hxg6 37. Qe5 Re4 38. Qd6 f4 39. Qd5+ 1-0

[Event "Titled Tuesday intern op 01st Apr Early"]
[Site "Chess.com INT"]
[Date "2025.04.01"]
[Round "3"]
[White "Montero Martinez, Cristian"]
[Black "Fiskaaen, Martin Holten"]
[Result "0-1"]
[WhiteElo "2028"]
[BlackElo "2300"]
[PlyCount "62"]
[EventDate "2025.04.01"]
[EventType "swiss (blitz)"]
[EventRounds "11"]
[EventCountry "USA"]
[SourceTitle "CB15_2025"]
[SourceDate "2025.04.09"]
[SourceVersion "1"]
[SourceVersionDate "2025.04.09"]
[SourceQuality "1"]

1. e4 c5 2. Nf3 d6 3. d3 Nc6 4. g3 g6 5. Bg2 Bg7 6. 0-0 e5 7. c3 Nge7 8. a3 0-0 9. b4 b6 10. Bb2 h6 11. Nbd2 Be6 12. b5 Na5 13. d4 cxd4 14. cxd4 Nc4 15. Nxc4 Bxc4 16. Re1 Bxb5 17. dxe5 dxe5 18. Nxe5 Qxd1 19. Raxd1 Nc6 20. Nxc6 Bxb2 21. Ne7+ Kh7 22. Rb1 Bxa3 23. Nxg6 fxg6 24. Rxb5 Bc5 25. Re2 Rad8 26. Bf1 a5 27. Kg2 a4 28. Ra2 a3 29. Rb3 Rde8 30. f3 Rd8 31. Be2 Rd4 0-1

[Event "Titled Tuesday intern op 25th Mar Early"]
[Site "Chess.com INT"]
[Date "2025.03.25"]
[Round "3"]
[White "Fiskaaen, Martin Holten"]
[Black "Lazavik, Denis"]
[Result "0-1"]
[WhiteElo "2300"]
[BlackElo "2572"]
[PlyCount "70"]
[EventDate "2025.03.25"]
[EventType "swiss (blitz)"]
[EventRounds "11"]
[EventCountry "USA"]
[SourceTitle "CB14_2025"]
[SourceDate "2024.11.01"]
[SourceVersion "1"]
[SourceVersionDate "2024.11.01"]
[SourceQuality "1"]

1. d4 Nf6 2. Nf3 d5 3. Bf4 c5 4. e3 Nc6 5. Nbd2 Nh5 6. Bg3 Nxg3 7. hxg3 cxd4 8. exd4 g6 9. c3 Bg7 10. Bd3 0-0 11. 0-0 Bg4 12. Qb3 Rb8 13. Rfe1 Qd6 14. a4 h5 15. a5 Rfe8 16. Qa2 e5 17. dxe5 Nxe5 18. Nxe5 Bxe5 19. Nf3 Bxf3 20. gxf3 Bxg3 21. Qa4 Rxe1+ 22. Rxe1 Be5 23. Qh4 Kg7 24. Kg2 b6 25. a6 b5 26. Qg5 Bf4 27. Qe7 Qxa6 28. Re5 Rb7 29. Qe8 Bxe5 30. Qxe5+ Qf6 31. Qxd5 Re7 32. Bxb5 Re5 33. Qd7 Qg5+ 34. Kh2 Rxb5 35. Qd4+ Qf6 0-1

[Event "Titled Tuesday intern op 25th Mar Early"]
[Site "Chess.com INT"]
[Date "2025.03.25"]
[Round "5"]
[White "Meskovs, Nikita"]
[Black "Fiskaaen, Martin Holten"]
[Result "1-0"]
[WhiteElo "2532"]
[BlackElo "2300"]
[PlyCount "213"]
[EventDate "2025.03.25"]
[EventType "swiss (blitz)"]
[EventRounds "11"]
[EventCountry "USA"]
[SourceTitle "CB14_2025"]
[SourceDate "2024.11.01"]
[SourceVersion "1"]
[SourceVersionDate "2024.11.01"]
[SourceQuality "1"]

1. d4 Nf6 2. Bg5 d5 3. Bxf6 exf6 4. e3 Bd6 5. c4 dxc4 6. Bxc4 0-0 7. Nf3 c6 8. Qc2 f5 9. Nbd2 g6 10. h4 h5 11. Ng5 Nd7 12. Ndf3 Qe7 13. Nxf7 Bb4+ 14. Kf1 b5 15. Bb3 Kg7 16. N7g5 Nf6 17. Ne5 c5 18. Nc6 Qd6 19. Nxb4 cxb4 20. Rc1 Bd7 21. Qc5 Qa6 22. Qe7+ Kh6 23. Nf7+ Rxf7 24. Qxf7 Re8 25. Rh3 Qd6 26. Rg3 Ng4 27. Rxg4 fxg4 28. Qf4+ Qxf4 29. exf4 Bf5 30. d5 a5 31. a4 bxa4 32. Bxa4 Bd3+ 33. Kg1 Rd8 34. Bc6 a4 35. Bxa4 Rxd5 36. Rd1 Ra5 37. Rxd3 Rxa4 38. Rd4 Ra1+ 39. Kh2 Rf1 40. Kg3 b3 41. Rd3 Kg7 42. Rxb3 Kf6 43. Rb6+ Kf5 44. Rb5+ Kf6 45. Re5 Rb1 46. Re2 Kf5 47. f3 gxf3 48. Kxf3 Rc1 49. Kg3 Rf1 50. b4 Rb1 51. Re5+ Kf6 52. b5 Rb3+ 53. Kh2 Rb4 54. g3 Rb2+ 55. Kg1 Rb3 56. Kf2 Rb2+ 57. Ke1 Rb3 58. Rg5 Ke6 59. Kd2 Kd6 60. Kc2 Rb4 61. Kc3 Rb1 62. Rxg6+ Kc5 63. Rg5+ Kd6 64. Rxh5 Ke6 65. Rg5 Kf6 66. Kd4 Re1 67. Kc5 Re4 68. Kc6 Rc4+ 69. Rc5 Re4 70. b6 Re7 71. b7 Re8 72. Re5 Rd8 73. Kc7 Rd6 74. Kxd6 Kg7 75. g4 Kh6 76. Rg5 Kh7 77. Ke7 Kh6 78. Kf6 Kh7 79. Rg6 Kh8 80. b8Q+ Kh7 81. Qc7+ Kh8 82. Rh6+ Kg8 83. f5 Kf8 84. g5 Kg8 85. h5 Kf8 86. g6 Kg8 87. Kg5 Kf8 88. Rh7 Ke8 89. h6 Kf8 90. f6 Ke8 91. Kf4 Kf8 92. Ke3 Ke8 93. Ke2 Kf8 94. Ke1 Ke8 95. Qa7 Kf8 96. Rb7 Kg8 97. Rh7 Kf8 98. Rg7 Ke8 99. Rf7 Kd8 100. h7 Kc8 101. g7 Kd8 102. Re7 Kc8 103. f7 Kd8 104. Re2 Kc8 105. Rh2 Kd8 106. Rh1 Kc8 107. h8Q# 1-0

[Event "NOR-chT Elite 2425"]
[Site "Norway"]
[Date "2025.03.07"]
[Round "7.11"]
[White "Miezis, Normunds"]
[Black "Fiskaaen, Martin Holten"]
[Result "1-0"]
[WhiteElo "2399"]
[BlackElo "2300"]
[PlyCount "73"]
[EventDate "2024.10.25"]
[EventType "team-tourn"]
[EventRounds "9"]
[EventCountry "NOR"]
[SourceTitle "CB16_2025"]
[SourceDate "2025.04.16"]
[SourceVersion "1"]
[SourceVersionDate "2025.04.16"]
[SourceQuality "1"]
[WhiteTeam "Asker"]
[BlackTeam "Stavanger"]
[WhiteTeamCountry "NOR"]
[BlackTeamCountry "NOR"]

1. c4 e5 2. Nc3 Bb4 3. Qb3 Nc6 4. Nf3 d6 5. a3 Bxc3 6. Qxc3 Nf6 7. d4 e4 8. Ng1 0-0 9. Bg5 h6 10. Bh4 g5 11. Bg3 d5 12. e3 Be6 13. h4 Kg7 14. 0-0-0 Qe7 15. hxg5 hxg5 16. Nh3 Nd7 17. f3 f5 18. f4 g4 19. Ng5 Nf6 20. Nxe6+ Qxe6 21. Bh4 Ne7 22. Bg5 Rh8 23. Be2 c6 24. Qb3 Qd7 25. Kb1 Rad8 26. Rc1 Nh7 27. Bxe7 Qxe7 28. cxd5 Rxd5 29. Rh5 Nf8 30. Rg5+ Kf6 31. Bc4 Ne6 32. Bxd5 cxd5 33. Rxf5+ Kxf5 34. Qxd5+ Kg6 35. f5+ Kf7 36. fxe6+ Qxe6 37. Qxb7+ 1-0

[Event "Titled Tuesday intern op 04th Mar Early"]
[Site "Chess.com INT"]
[Date "2025.03.04"]
[Round "2"]
[White "Fier, Alexandr"]
[Black "Fiskaaen, Martin Holten"]
[Result "1/2-1/2"]
[WhiteElo "2534"]
[BlackElo "2300"]
[PlyCount "154"]
[EventDate "2025.03.04"]
[EventType "swiss (blitz)"]
[EventRounds "11"]
[EventCountry "USA"]
[SourceTitle "CB11_2025"]
[SourceDate "2025.03.12"]
[SourceVersion "1"]
[SourceVersionDate "2025.03.12"]
[SourceQuality "1"]

1. d4 Nf6 2. Nf3 d5 3. c3 Bf5 4. Qb3 Qc8 5. Bg5 Nbd7 6. e3 e6 7. c4 c6 8. Nc3 Bd6 9. Nh4 Be4 10. cxd5 cxd5 11. Bxf6 Nxf6 12. Bb5+ Ke7 13. 0-0 a6 14. Be2 Qb8 15. g3 h5 16. Nxe4 dxe4 17. Ng2 g5 18. f3 h4 19. fxe4 Nxe4 20. Qd3 f5 21. Bf3 Nf6 22. e4 fxe4 23. Bxe4 hxg3 24. h4 gxh4 25. Qe3 Qg8 26. Bxb7 Rb8 27. Rxf6 Kxf6 28. Rf1+ Ke7 29. Qe4 h3 30. Nf4 Bxf4 31. Rxf4 h2+ 32. Kh1 g2+ 33. Qxg2 Qxg2+ 34. Bxg2 Rxb2 35. Rf1 Rxa2 36. d5 exd5 37. Bxd5 Rd2 38. Be6 a5 39. Rf7+ Ke8 40. Rf1 a4 41. Rb1 Ke7 42. Rb7+ Kf6 43. Rf7+ Ke5 44. Rf1 a3 45. Re1+ Kd6 46. Ba2 Kc5 47. Re5+ Kb4 48. Re4+ Kc3 49. Rc4+ Kb2 50. Rb4+ Kc1 51. Rc4+ Rc2 52. Re4 Rf8 53. Re1+ Kb2 54. Rb1+ Kc3 55. Rd1 Rb2 56. Rc1+ Kd2 57. Ra1 Rxa2 58. Rxa2+ Kc3 59. Rxa3+ Kb2 60. Re3 Kc2 61. Re2+ Kd3 62. Re7 Kd4 63. Re1 Kd5 64. Kxh2 Kd6 65. Kg3 Kd7 66. Kg4 Rg8+ 67. Kf5 Rf8+ 68. Kg6 Rf2 69. Re4 Rf1 70. Kg5 Rg1+ 71. Kf5 Rf1+ 72. Ke5 Rf8 73. Rd4+ Ke7 74. Ra4 Rd8 75. Rh4 Rf8 76. Rh7+ Rf7 77. Rxf7+ Kxf7 1/2-1/2

[Event "Titled Tuesday intern op 04th Mar Early"]
[Site "Chess.com INT"]
[Date "2025.03.04"]
[Round "4"]
[White "Fiskaaen, Martin Holten"]
[Black "Tarnowska, Aleksandra"]
[Result "1-0"]
[WhiteElo "2300"]
[BlackElo "1882"]
[PlyCount "155"]
[EventDate "2025.03.04"]
[EventType "swiss (blitz)"]
[EventRounds "11"]
[EventCountry "USA"]
[SourceTitle "CB11_2025"]
[SourceDate "2025.03.12"]
[SourceVersion "1"]
[SourceVersionDate "2025.03.12"]
[SourceQuality "1"]

1. c4 e5 2. Nc3 Bb4 3. Nd5 Bc5 4. e3 c6 5. Nc3 d5 6. cxd5 cxd5 7. d4 exd4 8. exd4 Bb6 9. Nf3 Nf6 10. Bb5+ Nc6 11. 0-0 0-0 12. Bg5 Be6 13. Bxc6 bxc6 14. Ne5 Rc8 15. Na4 h6 16. Bh4 Bf5 17. Rc1 Qd6 18. Qf3 Be4 19. Qg3 Bxd4 20. Bxf6 Qxf6 21. Nd7 Qg6 22. Qxg6 Bxg6 23. Nxf8 Kxf8 24. b4 a6 25. Rfd1 Be5 26. Nc5 f6 27. Nxa6 Ke7 28. Nc5 Kd6 29. b5 Be8 30. Nb7+ Kc7 31. bxc6 Bxc6 32. Na5 Kd6 33. Nc4+ Ke6 34. Nb6 Rc7 35. a4 Bb7 36. a5 Rxc1 37. Rxc1 d4 38. Nc4 Kd5 39. Nd2 Ba6 40. Rb1 Kc5 41. Rb6 Bd3 42. Rb3 Bc2 43. Ra3 Bb8 44. a6 Ba7 45. Ra2 Bd3 46. f3 Kb6 47. Kf2 Bxa6 48. Ne4 Kb7 49. Nd6+ Kb6 50. Ke1 d3 51. Kd2 Bb8 52. Ne8 Be5 53. Nxg7 Bb5 54. Nf5 Bc4 55. Ra8 Kb5 56. Ne3 Be6 57. Re8 Bf7 58. Rf8 Be6 59. Kxd3 Kb4 60. Ke4 Bxh2 61. Rxf6 Bb3 62. Rxh6 Bc7 63. Rh7 Bb6 64. Rb7 Kc5 65. Rh7 Kc6 66. Rh1 Kd7 67. Rb1 Bxe3 68. Kxe3 Bc2 69. Rc1 Bf5 70. g4 Bg6 71. Kf4 Ke7 72. Ke5 Bf7 73. Rc7+ Kf8 74. Kf6 Be8 75. Rc8 Kg8 76. Rxe8+ Kh7 77. Rf8 Kh6 78. Rh8# 1-0

[Event "Titled Tuesday intern op 11th Feb Early"]
[Site "Chess.com INT"]
[Date "2025.02.11"]
[Round "2"]
[White "Boci, Mateo"]
[Black "Fiskaaen, Martin Holten"]
[Result "1-0"]
[WhiteElo "2312"]
[BlackElo "2297"]
[PlyCount "95"]
[EventDate "2025.02.11"]
[EventType "swiss (blitz)"]
[EventRounds "11"]
[EventCountry "USA"]
[SourceTitle "CB09_2025"]
[SourceDate "2025.02.27"]
[SourceVersion "1"]
[SourceVersionDate "2025.02.27"]
[SourceQuality "1"]

1. e4 c5 2. Nf3 d6 3. d4 cxd4 4. Nxd4 Nf6 5. f3 Nc6 6. c4 e6 7. Nc3 Be7 8. Be3 0-0 9. Be2 d5 10. cxd5 exd5 11. Nxc6 bxc6 12. e5 Nd7 13. f4 Bc5 14. Bxc5 Nxc5 15. 0-0 d4 16. Na4 Nxa4 17. Qxa4 d3 18. Bf3 Qb6+ 19. Kh1 Bf5 20. Rad1 Rfd8 21. g4 Be6 22. f5 Rd4 23. Qxc6 Qxc6 24. Bxc6 Bd5+ 25. Bxd5 Rxd5 26. Rd2 Rad8 27. Re1 Kf8 28. Kg2 Rd4 29. Kf3 Ke7 30. Rc1 R8d7 31. h3 a5 32. Rc5 a4 33. Ke3 h5 34. e6 fxe6 35. fxe6 Kxe6 36. Rxh5 R4d6 37. Ra5 Rd4 38. Kf3 Kf7 39. h4 g6 40. Re5 Kf6 41. Re4 R4d6 42. Rxa4 Rh7 43. g5+ Ke6 44. Re4+ Kf5 45. Ke3 Rxh4 46. Rxh4 Re6+ 47. Kxd3 Rd6+ 48. Rd4 1-0